20th Century: '70s or '80s? Quiz Stats

 Plays Quiz Updated Sep 8, 2016

Challenge
Share
Tweet
Embed
Score 0/30 Timer 05:00
9 Plays Today
Event (7)0s or (8)0s % Correct
Berlin Wall was torn down???
92.8%
'The Godfather' movie released???
92.3%
Madonna released 'Like a Virgin'???
88.9%
'Happy Days' TV show premiered???
87.1%
Space Shuttle Challenger disaster???
86.8%
Tiananmen Square protests???
86.3%
MTV launched in the United States???
85.5%
'Married... with Children' TV show premiered???
82.8%
'Monty Python and the Holy Grail' movie released???
80.4%
'Pong' arcade game released???
79.5%
Summer Olympics in Moscow???
79%
'Gandhi' movie released???
78.7%
Beginning of Soviet withdrawal from Afghanistan???
78.2%
Mikhail Gorbachev became leader of the USSR???
77.3%
Mount St. Helens erupted in Washington, US???
77.3%
Event (7)0s or (8)0s % Correct
Idi Amin became third president of Uganda???
73.9%
Augusto Pinochet became ruler of Chile???
69.1%
Francisco Franco died after 39 years in power???
69.1%
Voyager 2 reached Uranus???
68.5%
Tenerife airport disaster???
65.4%
CN Tower completed???
60.3%
Apple introduced the first Macintosh computer???
55.3%
First MRI scan of a human body produced???
52.4%
First commercially available microprocessor???
50.4%
AC/DC released 'Highway to Hell'???
49.6%
Death of Yugoslav leader Josip Broz Tito???
48.8%
First cell phone call transmitted???
47.5%
The first e-mail transmitted???
45.7%
First baby born conceived by in vitro fertilization???
39.5%
Canada gained official independence from the UK???
19.8%

You're not logged in!

Compare scores with friends on all Sporcle quizzes.
Join for Free
OR
Log In

You Might Also Like...

Show Comments

Extras

Top Quizzes Today


Score Distribution

Your Account Isn't Verified!

In order to create a playlist on Sporcle, you need to verify the email address you used during registration. Go to your Sporcle Settings to finish the process.

Report this User

Report this user for behavior that violates our Community Guidelines.

Details: